[Event "Koop Tjuchem"]
[Site "Groningen"]
[Date "1996.??.??"]
[Round "8"]
[White "Onischuk, Alexander"]
[Black "Hodgson, Julian M"]
[Result "1-0"]
[WhiteElo "2605"]
[BlackElo "2550"]
[Annotator "Schulz,Andre"]
[PlyCount "89"]
[EventDate "1996.12.20"]
[EventType "tourn"]
[EventRounds "11"]
[EventCountry "NED"]
[EventCategory "16"]
[SourceTitle "CBM 057"]
[Source "ChessBase"]
[SourceDate "1997.04.01"]
[SourceVersion "1"]
[SourceVersionDate "1997.04.01"]
[SourceQuality "1"]

1. e4 c5 2. Nf3 d6 3. d4 cxd4 4. Nxd4 Nf6 5. Nc3 g6 6. Be3 Bg7 7. f3 O-O 8. Qd2
Nc6 9. O-O-O Bd7 $5 {Warum nicht? Die Variante ist gegenüber 9...Sd4 oder 9...
d5 schlecht beleumundet, mit dem Argument, daß Weiß mit dem B auf f1 bei dem
Mannöver Nc6-e5-c4 zwei Tempi gewinnt.} 10. g4 (10. h4 h5 $5) 10... Rc8 11. h4
Ne5 12. h5 Nxf3 $5 13. Nxf3 Bxg4 14. Be2 Bxh5 {Im Moment hat Schwarz drei
Bauern für die Figur, normalerweise ist das genug. Hier sind die Reihen vor
dem schwarzen König aber sehr gelichtet, besonders der Lh5 steht gefährdet,
denn Txh5 oder Abzug des Sf3 hängt immer in der Luft, besonders wenn Schwarz
den Sf6 zieht.} 15. Bxa7 $5 {Diesen Bauern nimmt man wegen der Öffnung der
a-Linie sonst eigentlich nie. Da Schwarz selber am Königsflügel labil steht,
glaubt Weiß, daß er sich diese Materialeinsammlung erlauben darf. Die Partie
wird nun ausgesprochen taktisch und es wimmelt von schwarzen und weißen
Matt-und Angriffsideen; das ungleiche Materialverhätnis erschwert die
Beurteilung zusätzlich.} ({Die prinzipielle Angriffsfortsetzung ist} 15. Bh6
Qa5 (15... Rxc3 $2 16. Bxg7 Rxf3 17. Bxf6 Rxf6 18. Bxh5 gxh5 19. Qg5+ Rg6 20.
Qxh5 h6 21. Rdg1 $18) 16. Bxg7 Kxg7 17. Nd4 Rxc3 18. Qxc3 Qxc3 19. bxc3 Bxe2
20. Nxe2 Nxe4 21. Rh4 Nc5 $13 {Schwarz hat vier Bauern für den Turm. Die
Stellung möchte ich nicht mit Schwarz und nicht mit Weiß spielen müssen. Wenn
Schwarz es schafft, die Freibauernkette in Bewegung zu bringen, dann gibt es
kein halten mehr.}) 15... Ng4 $1 {[%cal Rg7h6,Rg7c3]} 16. Nd5 $5 ({Die
Alternative war} 16. Kb1 {um von der Diagonalen h6-c1 wegzukommen:} Bxc3 {
reicht nicht:} (16... Bh6 17. Qd3 {bringt nichts für Schwarz}) ({Der
Standardeinschlag} 16... Rxc3 {führt hier zu nichts.} 17. bxc3 Qa5 18. Bd4 $18
{Weiß hält sich, weil er auf der c-Linie auch immer mit c3-c4 reagieren kann,
wenn Schwarz} e5 19. Bg1 Rc8 {spielt.} 20. c4) (16... Qa5 17. Bd4 $16 {Nun
gefällt e7-e5 nicht, weil der Lg7 eingesperrt wird. Nach Ld4 hat Schwarz
keinen Angriff mehr und muß versuchen unbeschadet ins Endspiel zu kommen, um
vielleicht die Freibauern am Königsflügel laufen zu lassen.} (17. Bg1 Bxc3 18.
bxc3 Nf6 $40 {[%cal Rf6e4,Re4c3,Rc3b1]}) (17. Nd5 $5 {ergibt besonders
unübersichtliche Verwicklungen, z.B.:} Qxa7 18. Nxe7+ Kh8 19. Nxc8 Rxc8 20. Ng5
$5 Qb6 $13 21. b3 Ne3 22. Bxh5 (22. Rc1 $2 Kg8 23. Bxh5 $140 $2 Nc4 $19) 22...
Rxc2 (22... Nc4 23. Qc1) 23. Qxd6 (23. Bxg6 Rxd2 (23... fxg6 24. Rc1 $3 Rxd2
25. Rc8+ Bf8 26. Rxf8+ Kg7 27. Ne6#) 24. Rxh7+ Kg8 25. Bxf7+ Kf8 26. Rxd2 Qa5
27. Ne6+ Kxf7 28. Rxg7+ Kxe6 29. Rg6+ Ke7 30. Rgxd6) 23... Rb2+ 24. Kc1 Rc2+
$11)) 17. bxc3 Qa5 18. Bd4 e5 (18... Ra8 19. Bc4 Rfc8 20. Bb3 e5 21. Rxh5 gxh5
22. Qg5+ Kh8 23. Qxh5 exd4 24. Ng5 $18) 19. Rxh5 $1 (19. Bg1 $2 Rxc3 20. Z0 Ra8
$140 $40) 19... gxh5 20. Nxe5 dxe5 21. Bxg4 hxg4 (21... exd4 22. Bxc8 dxc3 23.
Rg1+ Kh8 24. Qd4+ f6 25. Be6 $18 Qa3 $140 26. Qxf6+ Rxf6 27. Rg8#) 22. Qg5+ Kh8
23. Bxe5+ $18) 16... e6 (16... Bh6 17. Ng5 $1 e6 (17... Z0 18. Bxg4 $140) (
17... f6 18. Bxg4 Bxg5 (18... Bxg4 19. Rxh6 fxg5 20. Qxg5 $18) 19. Be6+ Kh8 20.
Be3 Ra8 (20... Bxe3 21. Qxe3 Ra8 22. Nf4 $18) 21. Bxg5 Rxa2 22. Qc3 (22. Kb1 $2
Qa8) 22... Ra1+ 23. Kd2 Bxd1 24. Rxd1 Rxd1+ 25. Kxd1 $18) 18. Bxg4 Bxg5 19. Be3
Bxe3 20. Nxe3 Bxg4 21. Nxg4 h5 22. Qh6 $1 Z0 23. Rxh5 $140 gxh5 24. Nf6+) ({
Sofort} 16... Ra8 $5 {kam in Betracht:} 17. Bb6 (17. Bd4 Bh6 18. Ng5 (18. Nf4
e5 $19) (18. Be3 Nxe3 19. Nxe3 Qb6 $40) 18... e6 19. Bxg4 Bxg5 20. Be3 Rxa2 21.
c3 Bxg4 22. Bxg5 Bxd1 23. Rxd1 (23. Bxd8 $2 Ra1#) 23... Ra1+ 24. Kc2 Rxd1 25.
Kxd1 f6 26. Nxf6+ Rxf6 $17) 17... Rxa2 18. Qb4 (18. Qg5 $6 Qa8 (18... Bxb2+ $2
19. Kd2 (19. Kb1 Qa8 20. Nxe7+ Kh8 21. Z0 Ra1+ $140 22. Kxb2 Qa3#) 19... Bf6 (
19... Qa8 20. Rxh5 $18) 20. Bxd8 (20. Nxf6+ Nxf6 21. Bxd8 Nxe4+ 22. Ke3 Nxg5
23. Nxg5 Rxd8 24. Bxh5 gxh5 25. Rdg1 $13) 20... Bxg5+ 21. Nxg5 Rxd8 22. Bxg4
Bxg4 23. Rdf1 $1 $18) 19. Nxe7+ Kh8 20. Bd4 f6 21. Rxh5 (21. Qd5 Bh6+ 22. Ng5
Ne5 $19 (22... Bxg5+ $2 23. Qxg5)) 21... gxh5 (21... fxg5 $4 22. Rxh7+ Kxh7 23.
Rh1+ Nh6 24. Nxg5+ Kh8 25. Rxh6#) 22. Qxh5 Bh6+ 23. Ng5 Qa5 $19 (23... Bxg5+ $4
24. Qxg5)) 18... Qd7 (18... Bh6+ $6 19. Kb1 Qa8 20. Nxe7+ Kh8 21. c3 $18) 19.
Bb5 Qe6 $13) 17. Nf4 Ra8 (17... Bh6 18. Kb1 $16 e5 $140 19. Nxe5) 18. Nxh5 $1
gxh5 19. Bd4 $1 Rxa2 (19... Bh6 {Scheitert an} 20. Qxh6 Nxh6 21. Rdg1+ Ng4 22.
Rxh5 e5 (22... f5 23. exf5 e5 24. Rxg4+ Kf7 (24... Kh8 25. Nxe5 $18) 25. Rxh7+
Kf6 (25... Ke8 26. Bb5+ $18) 26. Rh6+ Kxf5 (26... Ke7 27. Rg7+ Rf7 28. f6+ $18)
27. Nh4+ $18) 23. Rxg4+ Kh8 24. Ng5 Z0 25. Nxh7 $140 Z0 26. Nxf8#) (19... e5 $5
{Was ist wenn Schwarz die Idee Txa2/e7-e5 in der anderen Reihenfolge spielt?} {
Nach} 20. Be3 Rxa2 {ist die Verteidigung mit Db4 und Lb6 ausgeschaltet, weil
die Dame am Le3 bleiben muß.} 21. c3 Qe8 $13 {[%cal Ye8a4] mit schwarzen
Drohungen.}) 20. Qb4 $1 $16 (20. Kb1 $2 Qa8 21. b3 Ra1+ $1 22. Kb2 Qa2+ 23. Kc3
Qa5+ 24. Kb2 (24. Kd3 Nf2+ $1 25. Bxf2 (25. Ke3 Nxd1+ 26. Rxd1 Bh6+ $19) 25...
Qb5+ 26. Ke3 (26. c4 Qxb3+ 27. Qc3 Qxc3#) 26... Bh6+ $19) 24... Qxd2 $19) 20...
e5 21. Bb6 Qa8 22. c3 {Fast sieht es so aus, als hätte Weiß alles unter
Kontrolle, aber Schwarz kitzelt die letzten Ressourcen aus der Stellung.} Bh6+
23. Kc2 Be3 24. Nd2 Bc5 $2 (24... Bxb6 $142 25. Qxb6 Qa4+ $16) 25. Bxc5 dxc5
26. Qxc5 Rc8 27. Qb5 $18 Ne3+ (27... Qa3 28. Nc4 $18 (28. Z0 Rxc3+ $140 29. Kb1
Ra1#)) 28. Kb3 Rc6 (28... Rc5 29. Rdg1+ (29. Qxc5 $4 Qa4#) 29... Kh8 30. Qb4
$18) 29. Rdg1+ (29. Z0 Rb6 $140 30. Qxb6 Qa4#) 29... Kh8 30. Ra1 Rxa1 31. Rxa1
Qd8 (31... Qxa1 32. Qxe5+ Kg8 33. Qg5+ Rg6 34. Qxe3 $18) 32. Qxe5+ f6 33. Qd4
Rb6+ 34. Ka2 Qa8+ 35. Kb1 Qxa1+ 36. Kxa1 Nc2+ 37. Ka2 Nxd4 38. cxd4 h4 39. Bg4
Ra6+ 40. Kb1 Ra8 41. Nf3 Rg8 42. Be6 Rg2 43. d5 Kg7 44. d6 Kf8 45. Nxh4 1-0

[Event "POL-ch 54th"]
[Site "Sopot"]
[Date "1997.??.??"]
[Round "5"]
[White "Socko, Bartosz"]
[Black "Macieja, Bartlomiej"]
[Result "1/2-1/2"]
[WhiteElo "2435"]
[BlackElo "2465"]
[Annotator "Schulz,Andre"]
[PlyCount "107"]
[EventDate "1997.03.18"]
[EventType "tourn"]
[EventRounds "15"]
[EventCountry "POL"]
[EventCategory "9"]
[SourceTitle "CBM 059"]
[Source "ChessBase"]
[SourceDate "1997.08.01"]
[SourceVersion "1"]
[SourceVersionDate "1997.08.01"]
[SourceQuality "1"]

1. e4 c5 2. Nf3 d6 3. d4 Nf6 4. Nc3 cxd4 5. Nxd4 g6 6. Be3 Bg7 7. f3 Nc6 8. Qd2
O-O 9. g4 Be6 (9... Bd7 $5) 10. O-O-O Nxd4 11. Bxd4 Qa5 12. a3 Rab8 {Es könnte
sein, daß dieser Zug genauer ist als Rfc8, vgl. Sax-Relange, 1997} 13. h4 b5
14. Nd5 {führt zu Abtausch und in der Regel zu Remis.} (14. h5 b4 15. Nd5 $13)
14... Qxd2+ 15. Rxd2 Bxd5 16. exd5 a5 17. Bh3 $1 {[%csl Rc8][%cal Yh3c8] Es
spielt sich besser für Weiß, wenn er das Feld c8 unter Kontrolle hat.} b4 18.
axb4 axb4 19. Re1 Rb7 20. g5 Ra8 $1 {Falle!} 21. Rd3 $1 (21. Kb1 $4 Nxd5 $1 22.
Bxg7 Nc3+ 23. Bxc3 bxc3 24. b3 Rba7 25. Rxe7 Ra1#) 21... Nh5 22. Bxg7 Kxg7 23.
Rd4 h6 (23... b3 $5) 24. Bg4 Ng3 25. Kd2 hxg5 26. hxg5 Rh8 (26... Ra2 $5) 27.
Ke3 Nf5+ 28. Bxf5 gxf5 $15 29. Kd3 Kg6 30. f4 Rh2 31. Re2 Rh1 32. Kc4 Kh5 33.
Re3 Kg4 34. Kb3 Rh2 35. Rxb4 Rxb4+ 36. Kxb4 Rxc2 37. Rxe7 Kxf4 38. Rxf7 Kxg5
39. Ka3 Rd2 40. b4 Rxd5 41. Ka4 Rd1 42. b5 Rb1 43. Ka5 f4 44. b6 d5 45. Rd7 f3
46. Rxd5+ Kf4 47. Rd2 Ke3 48. Ra2 f2 49. Rxf2 Kxf2 50. Ka6 Ke3 51. b7 Kd4 52.
Ka7 Kc5 53. b8=Q Rxb8 54. Kxb8 1/2-1/2

[Event "USA-ch G2"]
[Site "Chandler"]
[Date "1997.08.27"]
[Round "4"]
[White "Shabalov, Alexander"]
[Black "Kudrin, Sergey"]
[Result "1-0"]
[WhiteElo "2585"]
[BlackElo "2535"]
[Annotator "Schulz,Andre"]
[PlyCount "126"]
[EventDate "1997.08.23"]
[EventType "tourn"]
[EventRounds "7"]
[EventCountry "USA"]
[EventCategory "13"]
[SourceTitle "CBM 061"]
[Source "ChessBase"]
[SourceDate "1997.11.23"]
[SourceVersion "1"]
[SourceVersionDate "1997.11.23"]
[SourceQuality "1"]

1. e4 {Hecht} c5 2. Nf3 d6 3. d4 cxd4 4. Nxd4 Nf6 5. Nc3 g6 6. Be3 Bg7 7. f3
Nc6 8. Qd2 O-O 9. O-O-O d5 10. Kb1 {Matthias Wahls hat in CBM 48 ein gute
Darstellung zu diesem Abspiel gegeben.} Rb8 11. Nb3 dxe4 12. Qxd8 Rxd8 13.
Rxd8+ Nxd8 14. Bxa7 Ra8 15. Bb6 Bf5 16. Be2 Nc6 17. Rd1 exf3 (17... Nd7 18. Bd4
{1/2-1/2 Milov,L-Ovsejevitsch,S/Nikolaev zt 1995/CBM 47/[Ernst]}) 18. gxf3 $6 (
18. Bxf3 $142) 18... Nd7 19. Be3 $2 (19. Bd4 $142) 19... Rc8 $2 (19... Bxc3
$142 $1 20. Bd3 $1 {Nur mit diesem studienartigen Zug lässt sich die weiße
Stellung halten.} ({Nach} 20. bxc3 Bxc2+ 21. Kxc2 Rxa2+ 22. Kd3 Nce5+ 23. Kd4
Rxe2 $19 {ist alles vorbei.}) 20... Bxd3 21. Rxd3 Nde5 22. Rxc3 Nxf3 $17 {
mit Bauerngewinn.}) 20. Ne4 Be5 21. Ng3 Be6 22. f4 Bb8 23. Bd3 f5 24. Ne2 Nb4
25. Bb5 Nf6 26. c4 Na6 27. Na5 Nc7 28. Ba4 Nce8 29. c5 Bd5 30. Nc3 Bf3 31. Bb3+
Kf8 32. Be6 Bxd1 33. Bxc8 Bf3 34. h3 Nh5 35. Bxb7 Bxb7 36. Nxb7 Nxf4 37. Bxf4
Bxf4 {[#] Hecht Connected passed pawns on both sides of the board, with an
indeterminate outcome. Und damit ist ein hochinteressantes schwer zu klärendes
Endspiel entstanden. Weiß hat am Damenflügel drei Freibauern, Schwarz am
Königsflügel eine 4:1 Majorität. [#] Hecht verbundene Freibauern auf beiden
Seiten mit offenem Ausgang} 38. b4 g5 39. Nd5 Be5 40. Ne3 e6 41. b5 Bf4 42. Ng2
Bg3 43. b6 (43. a4 Nc7 44. b6 Na6 $5 (44... Nd5 45. a5 f4 46. Nd6 (46. a6 f3
$19) 46... f3 (46... Nb4 47. b7 Nc6 48. a6 f3 49. a7 $18) 47. b7 fxg2 48. b8=Q+
Kg7 49. Qb2+ $18) 45. c6 $140 Ke7 46. c7 Nxc7) 43... Nf6 44. a4 Nd7 (44... Nd5
{-43.a4}) 45. Kc2 $2 (45. a5 $142 Nb8 46. Kc2) 45... h5 $2 (45... Bf2 $142 {
gewinnt einen Bauern.}) 46. Kd2 h4 $2 (46... Bf2 $142) 47. a5 Nb8 48. Ne3 Ke7
49. c6 Na6 (49... Nxc6 50. a6 Bb8 51. Nc4 (51. Na5 Kd7 (51... Nxa5 $4 52. a7
$18) (51... Kd6 52. Nec4+ Kc5 53. Nxc6 Kxc6 54. Ke2 g4) 52. Nxc6 (52. Ke1 g4 (
52... Kd6 53. Nec4+ Kc5 54. Ne5 Kxb6 55. Naxc6 Bxe5 56. Nxe5 Kxa6) 53. Nxc6
Kxc6 54. a7 Bxa7 55. bxa7 Kb7 56. Nxg4 fxg4 57. hxg4 $18) 52... Kxc6 53. a7
Bxa7 54. bxa7 Kb7) (51. a7 Nxa7 52. bxa7 Bxa7) 51... g4 52. Nba5 Kd7 (52...
Nxa5 53. Nxa5 g3 (53... gxh3 54. a7 Bf4+ 55. Ke2 h2 56. a8=Q $18) 54. Ke2 $18)
53. hxg4 fxg4 54. Nxc6 Kxc6 55. a7 Bxa7 56. bxa7 Kb7) 50. Ke2 Bf4 51. Kf3 Bg3
52. Nc2 e5 53. Ne3 e4+ 54. Ke2 Ke6 55. Nc2 Be5 56. Ne3 Bf4 57. Nc2 Be5 58. Ke3
Bf4+ (58... Kd5 59. Nb4+ Nxb4 60. c7 $18) (58... g4 59. hxg4 fxg4 60. Nd8+ Kd6
(60... Kd5 61. Nb4+ Nxb4 62. c7 $18) 61. Nf7+ (61. c7 Kd7) 61... Kxc6 62. Nxe5+
Kb5 63. Kxe4 Kxa5 64. Nd7) 59. Kd4 Be5+ 60. Kc4 g4 61. Kb5 g3 62. Kxa6 g2 63.
Nd8+ Ke7 (63... Ke7 64. c7 g1=Q 65. c8=Q $18) 1-0

[Event "Hoogovens-B"]
[Site "Wijk aan Zee"]
[Date "1999.01.20"]
[Round "2"]
[White "Nijboer, Friso"]
[Black "Janssen, Ruud"]
[Result "1-0"]
[WhiteElo "2534"]
[BlackElo "2445"]
[Annotator "Schulz,Andre"]
[PlyCount "71"]
[EventDate "1999.01.19"]
[EventType "tourn"]
[EventRounds "11"]
[EventCountry "NED"]
[EventCategory "11"]
[SourceTitle "CBM 069"]
[Source "ChessBase"]
[SourceDate "1999.04.01"]
[SourceVersion "1"]
[SourceVersionDate "1999.04.01"]
[SourceQuality "1"]

1. e4 c5 2. Nf3 d6 3. d4 cxd4 4. Nxd4 Nf6 5. Nc3 g6 6. Be3 Bg7 7. f3 Nc6 8. Qd2
O-O 9. O-O-O Nxd4 10. Bxd4 Be6 11. Kb1 Qc7 12. Bb5 {Mit der Idee, den Läufer
nach b3 zu spielen um den schwarzen auf e6 zu neutralisieren. Im Unterschied
zu den Varianten mit 9.Lc4 usw. hat Schwarz hier auf d4 getauscht. Die
Motivation dafür war die aktive Entwicklung des Lc8 nach e6, der eingehandelte
Nachteil ist die aktive Stelung des Ld4.} a6 {Diesen und den nächsten Tempozug
bekommt Schwarz geschenkt.} 13. Ba4 b5 14. Bb3 b4 (14... Bc4 $2 15. Bxc4 bxc4
16. Bxf6 exf6 17. Qxd6 $16 {1-0 Nijboer,F-Roobol,M/Breda 1997/CBM 58 ext (42)})
(14... Rab8 $5) 15. Na4 (15. Nd5 Bxd5 16. exd5 Rfb8 17. Ba4 {und nun zeigt
Schwarz, was die Drachenvariante für einen unternehmungslustigen Spieler alles
so anbietet:} Nxd5 18. Bxg7 Nb6 19. Qh6 Nxa4 20. Rd4 Nc3+ 21. Ka1 Qa5 22. bxc3
b3 23. cxb3 Qxc3+ 24. Kb1 Rxb3+ 25. axb3 Qxb3+ 26. Kc1 Rc8+ 27. Kd2 Rc2+ 28.
Ke1 Qe6+ 29. Re4 Qa2 30. Kf1 Rf2+ 31. Ke1 Rxg2 32. Qc1 Qf2+ 33. Kd1 Qxf3+ {
0-1 Tebb,D-Ward,C/Torquay 1998/CBM 66 ext (33)}) 15... Rab8 ({Nach einfach} 
15... Bxb3 16. cxb3 Rab8 $11 {ist nichts los.}) 16. Bxe6 fxe6 17. b3 {Nun hat
Weiß ein wenig erreicht: Die Bauerngruppe d6,e6,e7 ist nicht sehr mobil und
besonders e6 anfällig, der Sa4 kann über b2 zurück ins Spiel finden. Ein
schwarzer Angriff am Damenflügel ist nicht zu sehen, während Weiß am
Königsflügel viel Zeit zum Angriff hat.} Qc6 18. h4 Rfd8 19. g4 e5 {Dieser Zug
musste kaum mit Dc6 und Tfd8 vorbereitet werden. Schwarz ist planlos.} 20. Bb2
h6 $6 {Um auf h4-h5 mit g6-g5 durchzuziehen?} 21. g5 $18 Nh5 22. gxh6 Bf6 23.
c4 Nf4 24. Bc1 Kh7 25. Rdg1 e6 26. Rg4 d5 27. exd5 exd5 28. Qc2 d4 29. Bxf4 d3
30. Qg2 exf4 31. Rxg6 d2 32. Rg7+ Kh8 33. Qg6 d1=Q+ 34. Rxd1 Rxd1+ 35. Kc2 Rd2+
36. Kxd2 1-0

[Event "Rotherham m"]
[Site "Rotherham"]
[Date "1997.03.19"]
[Round "3"]
[White "Rowson, Jonathan"]
[Black "Hodgson, Julian M"]
[Result "1/2-1/2"]
[WhiteElo "2445"]
[BlackElo "2560"]
[Annotator "Schulz,Andre"]
[PlyCount "107"]
[EventDate "1997.03.17"]
[EventType "match"]
[EventRounds "6"]
[EventCountry "ENG"]
[SourceTitle "CBM 058"]
[Source "ChessBase"]
[SourceDate "1997.06.01"]
[SourceVersion "1"]
[SourceVersionDate "1997.06.01"]
[SourceQuality "1"]

1. e4 c5 2. Nf3 d6 3. d4 cxd4 4. Nxd4 Nf6 5. Nc3 g6 6. Be3 Bg7 7. f3 O-O 8. Qd2
Nc6 9. O-O-O Bd7 {Das wurde vor kurzem kaum gespielt, scheint sich aber sehr
schnell zur Modevariante zu entwickeln. Die Frage ist, ob die Tempoeinsparung
Bc4-b3 dem Weißen einen Nutzen einbringt oder nicht.} 10. Kb1 Rc8 11. h4 Ne5
12. Nd5 $6 {Ein schlaffer Zug. Weiß will so schnell wie möglich alle
Theoriepfade verlassen.} Nh5 $5 (12... e6 $2 13. Nxf6+ Qxf6 $2 14. Bg5 $18) (
12... Nxd5 13. exd5 h5 $5) 13. Qe1 {Nun droht aber g2-g4.} (13. g4 $2 Ng3 14.
Rg1 Nxf1 15. Rgxf1 e6 16. Nc3 Nc4 $17) 13... e6 14. Nc3 f5 $5 {Jenseits aller
Schablonen. Der Zug verhindert aber g2-g4.} 15. Ka1 $6 (15. exf5 $142) 15... f4
16. Bf2 a6 17. Nb1 $5 {Weiß möchte an originellen Zügen nicht nachstehen.} b5
$15 {Schwarz hat am Königsflügel gar nichts zu befürcheten und der Bauer d6
ist nicht schwächer als in anderen sizilianischen Varianten. Diese Stellung
hier hat allerdings mit den typischen Mustern des Drachen nichts mehr zu tun.}
18. Qb4 Rc5 (18... Qc7 $5 19. Qb3 Rfe8) 19. Qb3 Qf6 (19... Qc8 $5 20. Z0 Nc4
$140) 20. Nd2 Ng3 {Richtig ist, daß der Nh5 weniger Perspektive hat als der
Bf3. Andererseits wird der weiße f-Bauer mobil.} 21. Bxg3 fxg3 22. c3 Rfc8 23.
Be2 Nc6 24. Nxc6 R8xc6 $17 25. Nb1 {[%cal Yb1a3,Ya3c2,Yc2d4]} Rh5 {[%csl Rh4]}
26. Na3 Qf4 (26... Rxh4 27. e5 {gefiel Schwarz nicht.}) 27. Nc2 Rhc5 (27...
Rxh4 28. Rxh4 Qxh4 29. Nb4 {gefiel wieder nicht.}) 28. Nd4 Bxd4 29. Rxd4 Rh5
30. Qd1 Kf8 $2 {Unvorsichtig.} (30... Rxh4 $2 31. Rxh4 Qxh4 32. Rxd6 {war
immer noch nichts.}) ({aber} 30... Rhc5 $142 {ist brauchbar.}) 31. e5 $1 Qe3 (
31... Qxe5 32. f4 $18) 32. f4 ({Nach} 32. Rxd6 $5 Rxd6 33. Qxd6+ Ke8 34. Rd1
Qa7 (34... Bc8 $2 35. Qd8+ Kf7 36. Qf6+ Kg8 37. Rd8#) 35. Rd4 $18 {ist die
schwarze Streitmacht völlig versprengt.}) 32... Rf5 33. Rxd6 Rc7 34. Bg4 Rf7
35. Rd4 h5 36. Re1 Qf2 37. Re2 $2 ({Klarer ist} 37. Bf3 $142 Rc4 38. Re2 Rxd4
39. cxd4 Rxf4 40. Rxf2 gxf2 41. Qe2 $18) 37... hxg4 38. Rxf2 gxf2 39. g3 g5 $1
$132 40. Qf1 (40. hxg5 $2 Rh7 41. Rd2 $140 Bc6 42. Rxf2 Rh1 43. Rf1 Rxf1 44.
Qxf1 Rh7 $19) 40... gxh4 41. Qxf2 h3 42. f5 Rxf5 43. Rf4 Rc4 44. Rxf5+ exf5 45.
Qb6 Rc6 (45... Re4 46. Qd8+ Be8 47. Qf6+ Bf7 48. Qd8+ $11) 46. Qd8+ Be8 47. Qg5
Bg6 48. b3 Re6 49. Qh6+ Kg8 (49... Kf7 50. Qh8) 50. Kb2 Bf7 51. Qg5+ Bg6 52.
Qh6 Bf7 53. Qg5+ Bg6 54. Qh6 1/2-1/2

[Event "ENG-CHN"]
[Site "London"]
[Date "1997.??.??"]
[Round "3"]
[White "Wang, Zili"]
[Black "Ward, Christopher"]
[Result "1/2-1/2"]
[WhiteElo "2530"]
[BlackElo "2490"]
[Annotator "Schulz,Andre"]
[PlyCount "108"]
[EventDate "1997.04.??"]
[EventType "schev"]
[EventRounds "3"]
[EventCountry "ENG"]
[SourceTitle "CBM 059"]
[Source "ChessBase"]
[SourceDate "1997.08.01"]
[SourceVersion "1"]
[SourceVersionDate "1997.08.01"]
[SourceQuality "1"]

1. e4 {Hecht} c5 2. Nf3 d6 3. d4 cxd4 4. Nxd4 Nf6 5. Nc3 g6 6. Be3 Bg7 7. f3
Nc6 8. Qd2 O-O 9. O-O-O Bd7 {Dieser Zug ist der "Underdog" als Antwort auf 9.
0-0-0. Die etablierten Varianten sind 9...d5 und 9...Nxd4. Der Zug 9...Bd7
wurde bisher als nicht gleichwertig betrachtet, weil Schwarz gegenüber den
Varianten mit 9.Bc4 zwei Tempi verliert. Das ist richtig, aber nur dann wenn
Schwarz das Mannöver Ne5-c4 spielt: In dem Fall schlägt der weiße Bf1 auf c4
ohne vorher die Züge Bf1-c4-b3 gemacht zu haben. Einige Spieler, besonders
Ward und Hodgson experimentieren seit kurzem nach 9.0-0-0 mit 9...Bd7, wobei
sie versuchen andere Spielideen als die Schablone Ne5-c4 zu entwickeln. Man
darf gespannt sein, wie die theoretische Diskussion ausgeht.} 10. g4 {Weiß
möchte h2-h4-h5 spielen und erschwert die Antwort h7-h5. Der Zug g2-g4
schwächt immer das Feld f3, besonders mit einem schwarzen N auf e5.} Rc8 11. h4
Ne5 12. h5 (12. Kb1 $5 Qa5 $5 (12... Nc4 $2 13. Bxc4 Rxc4 14. h5 Qb8 15. Nde2
b5 16. hxg6 fxg6 17. Bh6 Rf7 18. Bxg7 Kxg7 19. Nf4 b4 20. Ncd5 Nxd5 21. Nxd5
Bc6 22. Rxh7+ Kxh7 23. Rh1+ Kg8 24. Qh6 {1-0 Kristensen,K-Gasseholm,F/
Copenhagen op 1993}) 13. Nd5 Qxd2 14. Nxe7+ Kh8 15. Rxd2 Rce8 $13) 12... Qa5
13. Kb1 {Ein nützlicher Wartezug.} Rxc3 $5 {Das ist die Pointe des schwarzen
Spiels. Schwarz tauscht in der Summe einen ganzen Turm gegen viele Bauern.} (
13... Nc4 $2 14. Bxc4 {gäbe Weiß klaren Tempovorteil gegenüber der Variante
mit 9.Bc4}) 14. Qxc3 (14. bxc3 $2 Nxf3 15. Nxf3 Nxe4 $19) 14... Qxc3 15. bxc3
Nxf3 16. Nxf3 (16. h6 Bh8 17. Nxf3 Nxe4) 16... Bxg4 17. Bg2 Nxe4 18. Rd3 Nxc3+
19. Rxc3 $6 {Gibt die Qualität, um einen Bauern zurück zu erobern.} (19. Kb2
Rc8 20. h6 Bf6 21. Nd4 Ne2 22. c3 Ng3 23. Rc1 a6 24. Bd2 Nf5 25. Nxf5 Bxf5 26.
Bh3 Bxh3 27. Rxh3 Rc4 28. Kc2 b5 {1/2-1/2 Mueller,K-Ward,C/BL9697
Wuppertal-HSK 1997 (55)}) 19... Bxc3 20. hxg6 hxg6 21. Bxa7 {Materialbilanz:
Schwarz hat drei Bauern für eine Figur. Das ist mehr als in Ordnung. Aus
schwarzer Sicht ist aber die Schwäche von b7 unangenehm. Wenn der Bauer fällt,
entsteht auf der a-Linie ein gewinnbringender weißer Freibauer.} b6 22. Rh4
Bxf3 (22... Ra8 $5 23. Rxg4 (23. Bxb6 $2 Bxf3 $19) 23... Rxa7 24. Rc4 Bf6 25.
Rb4) 23. Bxf3 Rc8 24. Re4 e6 25. Re3 b5 (25... Bd4 $2 26. Rb3) (25... Rc4 $5 {
[%cal Yc4a4]}) 26. Rd3 d5 27. Bd4 b4 (27... Bxd4 $2 28. Rxd4 Z0 29. Rb4 $140 {
[%csl Rb5]}) 28. a4 Ra8 29. Bxc3 bxc3 {Hecht: schwarze vebundene Freibauern
als Kompensation für die Figur.} 30. Rd4 {Weiß hält den Freibauern in der
Hoffnung auf Gewinnchancen, aber die Frage lautet wohl mehr: "Wie schafft Weiß
am besten Remis."} (30. Rxc3 Rxa4 $15) 30... Kg7 31. Ka2 Kf6 32. Kb3 Ke5 33.
Rd1 (33. Kxc3 {Hecht} Rc8+ 34. Kd3 Rxc2 35. Rxd5+ exd5 36. Kxc2 Kd4 37. a5 Kc5
38. a6 Kb6 39. Be2 g5 40. Kc3 g4 41. Kd4 g3 42. Ke3 f5 43. Kf3 f4 44. Bf1 Ka7
$11) 33... f5 34. Re1+ Kd6 35. Rg1 Rg8 36. a5 g5 37. a6 g4 38. Be2 e5 39. Kxc3
g3 40. Rd1 Rc8+ (40... f4 $4 41. Rxd5+ Kxd5 42. Bc4+) 41. Kb3 Kc5 42. c3 Ra8
43. Kc2 f4 44. Rf1 Rg8 45. Kd2 g2 46. Rg1 e4 47. a7 f3 48. Bxf3 exf3 49. Ke3
Kb6 (49... Rf8 50. Kf2 (50. a8=Q Rxa8 51. Kxf3 Rg8 $19) 50... Kc4 (50... Kb6
51. Ra1 (51. a8=Q Rxa8 52. Kxf3 Rg8) 51... Kb7 $19) 51. Ra1 Ra8 52. Ra3 Kd3 53.
c4+ Kxc4 54. Rxf3 Rxa7 55. Kxg2 d4 56. Rf8 d3 57. Kf3 Re7 $19) 50. Ra1 Kb7 $2 (
50... Rf8 51. Kf2 Kb7 52. a8=Q+ Rxa8 53. Rb1+ Kc6 54. Kxf3 Rg8 $19) 51. Kxf3
g1=Q (51... g1=N+ $5 52. Ke3 Ka8 53. Kd4 Rg5 54. Ra2 Nf3+ $15 {ist der letzte
Gewinnversuch.}) 52. a8=Q+ Rxa8 53. Rxg1 Ra3 54. Ke3 Rxc3+ 1/2-1/2